Makroekonomický vývoj SR v roku 1995
Gespeichert in:
| 1. Verfasser: | |
|---|---|
| Weitere Verfasser: | |
| Format: | Buchkapitel |
| Sprache: | Tschechisch |
| Tags: |
Keine Tags, Fügen Sie das erste Tag hinzu!
|
MARC
| LEADER | 00000naa a2200000 4500 | ||
|---|---|---|---|
| 001 | 0117872 | ||
| 005 | 20240502083306.5 | ||
| 041 | 0 | |a cze | |
| 044 | |a CZ | ||
| 245 | 1 | 0 | |a Makroekonomický vývoj SR v roku 1995 |c Alena Malíčková, Anton Korauš |
| 100 | 1 | |a Malíčková, Alena | |
| 700 | 1 | |a Korauš, Antonín | |